[Event "Dortmund Sparkassen op-B"]
[Site "Dortmund"]
[Date "2014.07.19"]
[Round "8"]
[White "Bos, Michael"]
[Black "Savchenko, Daniel"]
[Result "0-1"]
[WhiteElo "1633"]
[BlackElo "1793"]
[PlyCount "80"]
[EventDate "2014.07.12"]
[EventType "swiss"]
[EventRounds "9"]
[EventCountry "GER"]
[SourceTitle "EXT 2022"]
[Source "ChessBase"]
[SourceDate "2021.10.06"]
[SourceVersion "1"]
[SourceVersionDate "2021.10.06"]
[SourceQuality "1"]

1. d4 Nf6 2. c4 e5 3. dxe5 Ng4 4. e4 Nxe5 5. Nf3 Nbc6 6. Nxe5 Nxe5 7. Be3 Bb4+ 8. Nd2 d6 9. Be2 0-0 10. 0-0 Bxd2 11. Bxd2 Re8 12. Bc3 b6 13. f4 Ng6 14. Qd4 f6 15. Bh5 Bb7 16. Rae1 Qd7 17. f5 Ne5 18. Bxe8 Rxe8 19. b3 Qf7 20. h3 Nd7 21. b4 Ba6 22. b5 Bb7 23. Bb4 Ne5 24. Rc1 Qh5 25. Rc2 Nf7 26. Re1 Ng5 27. Kh2 Rxe4 28. Rxe4 Nxe4 29. g4 Qg5 30. Bd2 Qh4 31. Qe3 Kf7 32. Bc1 h5 33. Rg2 Ng5 34. Rg3 Ne4 35. Rg2 hxg4 36. Rxg4 Qf2+ 37. Qxf2 Nxf2 38. Rd4 Ne4 39. Rd3 Nc5 40. Be3 Nxd3 0-1

[Event "Dortmund Sparkassen op-B"]
[Site "Dortmund"]
[Date "2014.07.17"]
[Round "6"]
[White "Jaehnicke, Karl Heinz"]
[Black "Bos, Michael"]
[Result "0-1"]
[WhiteElo "1736"]
[BlackElo "1633"]
[PlyCount "142"]
[EventDate "2014.07.12"]
[EventType "swiss"]
[EventRounds "9"]
[EventCountry "GER"]
[SourceTitle "EXT 2022"]
[Source "ChessBase"]
[SourceDate "2021.10.06"]
[SourceVersion "1"]
[SourceVersionDate "2021.10.06"]
[SourceQuality "1"]

1. d4 d5 2. c4 e6 3. Nf3 c6 4. Nc3 dxc4 5. e4 b5 6. a4 Bb4 7. Bd2 Bb7 8. Be2 a6 9. 0-0 Nd7 10. b3 Bxc3 11. Bxc3 cxb3 12. Qxb3 Ne7 13. Rfd1 0-0 14. Rd2 Nf6 15. Qb1 Re8 16. Bd3 h6 17. d5 exd5 18. Bxf6 gxf6 19. e5 fxe5 20. Nxe5 Qd6 21. f4 Kg7 22. Rf2 Ng6 23. Bxg6 fxg6 24. Rf3 Rf8 25. Rg3 Rf6 26. Qc2 Bc8 27. axb5 cxb5 28. Rd1 Bf5 29. Qc1 Ra7 30. h4 Rc7 31. Qa1 h5 32. Rg5 Qc5+ 33. Kh1 Qc3 34. Qa2 Be4 35. Nxg6 Rxg6 36. f5 Rxg5 37. hxg5 Qh3+ 38. Kg1 Qxf5 39. Qa1+ Kg6 40. Qxa6+ Kxg5 41. Rf1 Qe5 42. Qa8 Qg7 43. Qa3 Kh6 44. Qe3+ Kh7 45. Qe2 Qxg2+ 46. Qxg2 Bxg2 47. Kxg2 Kg6 48. Rb1 Kf5 49. Rxb5 Ke4 50. Kf2 Rc2+ 51. Kg3 d4 52. Rxh5 d3 53. Rh8 Ke3 54. Re8+ Kd2 55. Rd8 Ke2 56. Re8+ Kd1 57. Kf3 d2 58. Ra8 Ke1 59. Re8+ Kf1 60. Rd8 Rc3+ 61. Kf4 Ke2 62. Re8+ Kd1 63. Ra8 Rb3 64. Rc8 Ke2 65. Re8+ Kf2 66. Rd8 Rb4+ 67. Kf5 Ke3 68. Re8+ Kf3 69. Rd8 Rb5+ 70. Kf6 Ke3 71. Re8+ Kd4 0-1

[Event "Dortmund Sparkassen op-B"]
[Site "Dortmund"]
[Date "2014.07.16"]
[Round "5"]
[White "Bos, Michael"]
[Black "Gawlick, Joachim"]
[Result "1/2-1/2"]
[WhiteElo "1633"]
[BlackElo "1863"]
[PlyCount "50"]
[EventDate "2014.07.12"]
[EventType "swiss"]
[EventRounds "9"]
[EventCountry "GER"]
[SourceTitle "EXT 2022"]
[Source "ChessBase"]
[SourceDate "2021.10.06"]
[SourceVersion "1"]
[SourceVersionDate "2021.10.06"]
[SourceQuality "1"]

1. d4 d5 2. c4 e6 3. Nc3 Nf6 4. cxd5 exd5 5. Bg5 Be7 6. e3 0-0 7. Bd3 h6 8. Bh4 a6 9. Nge2 Nbd7 10. 0-0 b6 11. Qc2 c5 12. Bxf6 Nxf6 13. Bf5 c4 14. f3 b5 15. Bxc8 Rxc8 16. a3 Qb6 17. e4 Rcd8 18. e5 Nh7 19. Kh1 a5 20. a4 b4 21. Nb5 f6 22. Qg6 Rfe8 23. f4 Nf8 24. Qh5 Nh7 25. h4 fxe5 1/2-1/2

[Event "Dortmund Sparkassen op-B"]
[Site "Dortmund"]
[Date "2014.07.12"]
[Round "1"]
[White "Bos, Michael"]
[Black "Burosch, Raimund"]
[Result "1-0"]
[WhiteElo "1633"]
[BlackElo "1404"]
[PlyCount "57"]
[EventDate "2014.07.12"]
[EventType "swiss"]
[EventRounds "9"]
[EventCountry "GER"]
[SourceTitle "EXT 2022"]
[Source "ChessBase"]
[SourceDate "2021.10.06"]
[SourceVersion "1"]
[SourceVersionDate "2021.10.06"]
[SourceQuality "1"]

1. d4 Nf6 2. c4 g6 3. Nc3 Bg7 4. Nf3 d6 5. e4 0-0 6. h3 Nbd7 7. Bd3 Re8 8. 0-0 e5 9. d5 Nc5 10. Bc2 a5 11. Bg5 Qe7 12. Qd2 Bd7 13. a3 b6 14. b4 axb4 15. axb4 Rxa1 16. Rxa1 Nb7 17. Ra7 Rb8 18. Nb5 Bxb5 19. cxb5 Qd7 20. Bxf6 Bxf6 21. Qc3 Bd8 22. Qc6 Qc8 23. h4 Bf6 24. Kh2 h6 25. g3 Qg4 26. Qxc7 Qxf3 27. Qxb8+ Kg7 28. Kg1 Qc3 29. Qxb7 1-0

[Event "Dortmund Sparkassen op-B"]
[Site "Dortmund"]
[Date "2010.07.21"]
[Round "5"]
[White "Bos, Michael"]
[Black "Heyder, Siegfried"]
[Result "1-0"]
[WhiteElo "1754"]
[BlackElo "1308"]
[PlyCount "61"]
[EventDate "2010.07.17"]
[EventType "swiss"]
[EventRounds "9"]
[EventCountry "GER"]
[SourceTitle "EXT 2014"]
[Source "ChessBase"]
[SourceDate "2013.11.20"]
[SourceVersion "1"]
[SourceVersionDate "2013.11.20"]
[SourceQuality "1"]

1. d4 f5 2. c4 g6 3. g3 Nf6 4. Nc3 Bg7 5. Bg2 d6 6. Nf3 0-0 7. d5 Nbd7 8. Ng5 Nc5 9. h4 h6 10. Nh3 e5 11. dxe6 Nxe6 12. 0-0 Nh5 13. Nd5 c6 14. Ndf4 Nhxf4 15. Nxf4 Nxf4 16. Bxf4 Bxb2 17. Bxh6 Rf7 18. Rb1 Ba3 19. e4 Be6 20. Qd3 Qd7 21. Qxa3 Bxc4 22. Rfd1 d5 23. exd5 cxd5 24. Rd4 b5 25. Rbd1 Re8 26. Be3 Qe6 27. Bxd5 Bxd5 28. Rxd5 f4 29. Bxf4 Rxf4 30. gxf4 Qg4+ 31. Qg3 1-0

[Event "Dortmund op-B"]
[Site "Dortmund"]
[Date "2009.07.09"]
[Round "6"]
[White "Dolgopolyj, Vladimir"]
[Black "Bos, Michael"]
[Result "1-0"]
[WhiteElo "2046"]
[BlackElo "1757"]
[PlyCount "67"]
[EventDate "2009.07.04"]
[EventType "swiss"]
[EventRounds "9"]
[EventCountry "GER"]
[SourceTitle "EXT 2012"]
[Source "ChessBase"]
[SourceDate "2011.11.24"]
[SourceVersion "1"]
[SourceVersionDate "2011.11.24"]
[SourceQuality "1"]

1. e4 e5 2. Nf3 Nc6 3. d4 exd4 4. Nxd4 Bc5 5. Be3 Qf6 6. c3 Nge7 7. Nd2 Nxd4 8. e5 Qxe5 9. cxd4 Bxd4 10. Nc4 Bc3+ 11. bxc3 Qxc3+ 12. Bd2 Qd4 13. Be2 d5 14. Ne3 c5 15. 0-0 0-0 16. Qc2 b6 17. Rad1 Be6 18. Bf3 Rad8 19. g3 Qf6 20. Bg2 d4 21. Nc4 Nd5 22. Be4 Bh3 23. Rfe1 g6 24. Bh6 Rfe8 25. Bxd5 g5 26. Bxf7+ Qxf7 27. Qd2 Rd5 28. f4 Rxe1+ 29. Rxe1 gxf4 30. Bxf4 b5 31. Nd6 Qf6 32. Re8+ Kg7 33. Bh6+ Kg6 34. Rg8+ 1-0

[Event "FICGS rapid C 000024 email"]
[Site "FICGS email"]
[Date "2007.03.03"]
[Round "1"]
[White "Barradas, Anderson"]
[Black "Bos, Michael"]
[Result "1-0"]
[WhiteElo "1149"]
[BlackElo "1000"]
[PlyCount "61"]
[EventDate "2007.??.??"]
[EventType "tourn (rapid)"]
[EventRounds "4"]
[SourceTitle "Corr 2022"]
[Source "ChessBase"]
[SourceDate "2021.10.24"]
[SourceVersion "1"]
[SourceVersionDate "2021.10.24"]
[SourceQuality "1"]

1. d4 d6 2. Nf3 Bg4 3. g3 Bxf3 4. exf3 Nf6 5. Bg2 Nc6 6. 0-0 e5 7. Bg5 Nxd4 8. f4 c6 9. fxe5 dxe5 10. Re1 Ne6 11. Qxd8+ Rxd8 12. Nc3 Nxg5 13. Rxe5+ Ne6 14. Bh3 Bd6 15. Re2 0-0 16. Bxe6 fxe6 17. Rxe6 Ng4 18. Rd1 Bc5 19. Rxd8 Rxd8 20. Ne4 Rd1+ 21. Kg2 Re1 22. Nf6+ Kf7 23. Rxe1 Kxf6 24. Re2 Bd4 25. b3 Nxf2 26. Rxf2+ Bxf2 27. Kxf2 Ke5 28. Ke3 b5 29. Kd3 h5 30. c4 h4 31. gxh4 1-0

[Event "FICGS rapid C 000024 email"]
[Site "FICGS email"]
[Date "2007.03.03"]
[Round "1"]
[White "Bos, Michael"]
[Black "Stoyanov, Zdravko"]
[Result "0-1"]
[WhiteElo "1000"]
[BlackElo "1288"]
[PlyCount "44"]
[EventDate "2007.??.??"]
[EventType "tourn (rapid)"]
[EventRounds "4"]
[SourceTitle "Corr 2022"]
[Source "ChessBase"]
[SourceDate "2021.10.24"]
[SourceVersion "1"]
[SourceVersionDate "2021.10.24"]
[SourceQuality "1"]

1. e4 e5 2. Nf3 d6 3. d4 Bg4 4. dxe5 Bxf3 5. gxf3 Nc6 6. Qd5 dxe5 7. Bc4 Qxd5 8. Bxd5 Bd6 9. Rg1 Nd4 10. Bb3 Ne7 11. Rxg7 Nxf3+ 12. Kf1 0-0-0 13. Be3 Rdg8 14. Rxf7 Rg1+ 15. Ke2 Nxh2 16. f3 Rf1 17. Bg5 Ng6 18. Bf6 Nf4+ 19. Kd2 Nxf3+ 20. Kc3 Rg8 21. Rxh7 Rg6 22. Rh8+ Kd7 0-1

[Event "FICGS rapid C 000024 email"]
[Site "FICGS email"]
[Date "2007.03.03"]
[Round "1"]
[White "Bos, Michael"]
[Black "Willoughby, Peter"]
[Result "1-0"]
[WhiteElo "1000"]
[BlackElo "1376"]
[PlyCount "53"]
[EventDate "2007.??.??"]
[EventType "tourn (rapid)"]
[EventRounds "4"]
[SourceTitle "Corr 2022"]
[Source "ChessBase"]
[SourceDate "2021.10.24"]
[SourceVersion "1"]
[SourceVersionDate "2021.10.24"]
[SourceQuality "1"]

1. e4 e6 2. c4 c5 3. Nf3 d6 4. d4 Nf6 5. dxc5 Nxe4 6. b4 dxc5 7. Qxd8+ Kxd8 8. Bd3 f5 9. Ne5 Ke7 10. Nd2 Nc6 11. Nxc6+ bxc6 12. Nxe4 fxe4 13. Bxe4 Kf7 14. b5 a6 15. Bxc6 Rb8 16. Bf4 Rb6 17. Rd1 g6 18. Rd8 Bg7 19. Bc7 Rxc6 20. bxc6 Bf6 21. Rxh8 Bxh8 22. 0-0 Bd4 23. Rb1 e5 24. Bd6 Be6 25. Rb7+ Kg8 26. c7 e4 27. c8Q+ 1-0

[Event "FICGS rapid C 000023 email"]
[Site "FICGS email"]
[Date "2007.02.19"]
[Round "1"]
[White "Marin, John"]
[Black "Bos, Michael"]
[Result "0-1"]
[WhiteElo "800"]
[BlackElo "1000"]
[PlyCount "46"]
[EventDate "2007.??.??"]
[EventType "tourn (rapid)"]
[EventRounds "4"]
[SourceTitle "Corr 2022"]
[Source "ChessBase"]
[SourceDate "2021.10.24"]
[SourceVersion "1"]
[SourceVersionDate "2021.10.24"]
[SourceQuality "1"]

1. e4 e5 2. Nf3 Nc6 3. Bc4 d6 4. Nc3 Be6 5. Bxe6 fxe6 6. d4 exd4 7. Nxd4 Qf6 8. Qh5+ g6 9. Qb5 Qxd4 10. Qxb7 Rb8 11. Qxc6+ Kd8 12. Ne2 Qb4+ 13. Bd2 Qxb2 14. Bc3 Qxa1+ 15. Bxa1 Rb1+ 16. Kd2 Bh6+ 17. f4 Rxh1 18. Bxh8 Ne7 19. Bf6 Rf1 20. Nd4 Bxf4+ 21. Ke2 Kc8 22. Bxe7 Rc1 23. Qa8+ Kd7 0-1

[Event "FICGS rapid C 000023 email"]
[Site "FICGS email"]
[Date "2007.02.19"]
[Round "1"]
[White "Neil, Charles"]
[Black "Bos, Michael"]
[Result "1-0"]
[WhiteElo "1305"]
[BlackElo "1000"]
[PlyCount "43"]
[EventDate "2007.??.??"]
[EventType "tourn (rapid)"]
[EventRounds "4"]
[SourceTitle "Corr 2022"]
[Source "ChessBase"]
[SourceDate "2021.10.24"]
[SourceVersion "1"]
[SourceVersionDate "2021.10.24"]
[SourceQuality "1"]

1. d4 d5 2. Nf3 Bg4 3. e3 Nc6 4. c4 Nf6 5. Nc3 e5 6. dxe5 Nxe5 7. cxd5 Bb4 8. Qa4+ Nc6 9. dxc6 Bxc3+ 10. bxc3 0-0 11. Nd4 Qd5 12. f3 Bh5 13. cxb7 Qxb7 14. Bd3 c5 15. Nb3 Qc7 16. Qc4 Nd7 17. e4 Ne5 18. Qa6 Nxd3+ 19. Qxd3 c4 20. Qc2 cxb3 21. axb3 f5 22. exf5 1-0